[Event "GBR-ch U12 106th"]
[Site "Torquay"]
[Date "2019.07.30"]
[Round "3"]
[White "Banerji, Kumar"]
[Black "Buckman, Cyrus"]
[Result "1-0"]
[WhiteElo "1315"]
[BlackElo "1067"]
[PlyCount "103"]
[EventDate "2019.07.28"]
[EventType "swiss"]
[EventRounds "7"]
[EventCountry "ENG"]
[SourceTitle "EXT 2020"]
[Source "ChessBase"]
[SourceDate "2019.10.17"]
[SourceVersion "1"]
[SourceVersionDate "2019.10.17"]
[SourceQuality "1"]

1. e4 d5 2. exd5 Nf6 3. Bc4 Nxd5 4. Nf3 Nb6 5. Bb3 Bf5 6. Nh4 Bd7 7. Nc3 e6 8. Nf3 Nc6 9. 0-0 Bd6 10. d3 Qe7 11. Nb5 0-0-0 12. Nxd6+ Qxd6 13. Re1 h6 14. Qe2 g5 15. Ne5 Nxe5 16. Qxe5 Qxe5 17. Rxe5 Bc6 18. Bd2 Nd7 19. Re3 Rdf8 20. Rae1 h5 21. h3 h4 22. c3 Rfg8 23. Bd1 e5 24. Bg4 f6 25. Bf3 Bxf3 26. Rxf3 g4 27. hxg4 Rxg4 28. Re4 Rg6 29. Rh3 Nc5 30. Rc4 Nxd3 31. Rxd3 h3 32. g3 h2+ 33. Kh1 f5 34. Rh4 Rxh4 35. gxh4 e4 36. Rh3 Rg1+ 37. Kxh2 Rd1 38. Be3 Rd8 39. h5 Rh8 40. h6 Rh7 41. Rg3 Rh8 42. Rg7 Kd8 43. h7 Ke8 44. Rg8+ Kf7 45. Rxh8 Kg7 46. Bd4+ Kh6 47. Kg3 f4+ 48. Kxf4 e3 49. fxe3 b6 50. Kf5 c5 51. Rg8 Kh5 52. h8R# 1-0